Plantel Futebol Clube do Porto 23/24 - Statistics

General Stats
  • This quiz has been taken 134 times
  • The average score is 15 of 27
Answer Stats
Answer % Correct
Pepe
93%
Pepê
93%
Diogo Costa
91%
Evanilson
69%
Mehdi Taremi
69%
Galeno
68%
Alan Varela
64%
Cláudio Ramos
64%
João Mário
62%
Zaidu
60%
Wendell
59%
Francisco Conceição
58%
Nico González
56%
Iván Marcano
53%
Samuel Portugal
53%
Marko Grujić
48%
Zé Pedro
48%
Fábio Cardoso
47%
Stephen Eustaquio
47%
Danny Namaso
42%
Gonçalo Borges
42%
Toni Martínez
42%
Iván Jaime
35%
Romário Baró
29%
André Franco
27%
David Carmo
27%
Jorge Sánchez
21%
No matching quizzes found
Score Distribution
Percent of People with Each Score
Percentile by Number Answered
Your Score History
You have not taken this quiz